00382nam a2200169Ia 4500008004100000041001200041082002100053100003000074245001800104365000600122520001200128546001200140630001800152650001200170655001200182730001800194101110s9999 xx 000 0 und d aMARATHI bSR4848a891.4611 aSamarajkavi, Tulpule G.V. aRukmini Haran b6 aMarathi aMARATHI aRukmini Haran aMarathi aMarathi aRukmini Haran